000 00632nam a2200229 a 4500
999 _c4721
_d4721
001 4721
003 BD-JhCC
005 20220817134023.0
008 171130s1966 xxu |||| ||a| 001 0 eng d
035 _a(BD-JhCC)4721
040 _aBD-JhCC
_dBD-JhCC
041 _aeng
082 _a355.48
_bBUR 1966
100 _a Burne , Lt Colonel Alfred H
245 _aMilitary Classics /
_cLt Colonel Alfred H . Burne
260 _aHarrisburg
_bMilitary public Service Publishing Company
_c1966
300 _a188 p. :
_c21 cm.
650 _aMilitary History
650 _aMilitray Art & Science
942 _2ddc
_cBK
_01